Middle-earth Characters by Father Quiz Stats

 Plays Quiz Updated Mar 30, 2012

Also try: Tolkien's Kitchen
Challenge
Share
Tweet
Embed
Score 0/20 Timer 07:00
1 Play Today
Father Son/Daughter % Correct
Arathorn IIAragorn II
97.7%
GlóinGimli
94.4%
Denethor IIBoromir and Faramir
87.7%
ÉomundÉomer and Éowyn
78.1%
DrogoFrodo
76.9%
ElrondArwen
75.6%
HamfastSamwise
65.5%
Thráin IIThorin II Oakenshield
58.9%
ThranduilLegolas
56.7%
EärendilElrond
50.3%
Father Son/Daughter % Correct
ThéodenThéodred
47.5%
ElendilIsildur
45.2%
SaradocMerry
42.1%
Paladin IIPippin
41.8%
BungoBilbo
41.6%
Ecthelion IIDenethor II
40.5%
FundinBalin and Dwalin
38.6%
OthoLotho
20.6%
GálmódWormtongue
10.7%
BeregondBergil
10.6%

You're not logged in!

Compare scores with friends on all Sporcle quizzes.
Join for Free
OR
Log In

You Might Also Like...

Show Comments

Extras

Top Quizzes Today


Score Distribution

Your Account Isn't Verified!

In order to create a playlist on Sporcle, you need to verify the email address you used during registration. Go to your Sporcle Settings to finish the process.

Report this User

Report this user for behavior that violates our Community Guidelines.

Details: